[Event "XXXIV C.to Italiano a squadre A1 Finali"]
[Site "Treviso ITA"]
[Date "2002.05.19"]
[Round "2"]
[White "Aldrovandi, Costantino"]
[Black "Belotti, Bruno"]
[Result "1/2-1/2"]
[WhiteElo "2414"]
[BlackElo "2420"]
[PlyCount "62"]
[EventDate "2002.05.18"]

1. e4 d5 2. exd5 Qxd5 3. d4 Nc6 4. Be3 e5 5. Nc3 Bb4 6. a3 Bxc3+ 7. bxc3 Nf6 8.
c4 Qa5+ 9. Bd2 Qa4 10. d5 Nd4 11. Bd3 Bg4 12. f3 Bf5 13. Ra2 Bxd3 14. cxd3
Qxd1+ 15. Kxd1 c6 16. dxc6 Nxc6 17. Ne2 O-O-O 18. Kc2 Rd7 19. Rd1 Ne8 20. Be3
Nc7 21. Rb2 Rhd8 22. Nc3 Nd4+ 23. Bxd4 Rxd4 24. a4 R4d7 25. Nb5 Kb8 26. Nc3 Ne6
27. Nd5 Rc8 28. Kd2 Nc7 29. Nc3 Ne6 30. Nd5 Nc7 31. Nc3 Ne6 1/2-1/2

[Event "XXXIV C.to Italiano a squadre A1 Finali"]
[Site "Treviso ITA"]
[Date "2002.05.19"]
[Round "2"]
[White "Bellini, Fabio"]
[Black "Huebner, Robert"]
[Result "1-0"]
[WhiteElo "2500"]
[BlackElo "2628"]
[PlyCount "67"]
[EventDate "2002.05.18"]

1. e4 c5 2. Nf3 Nc6 3. c3 d5 4. exd5 Qxd5 5. d4 Bg4 6. Be2 e6 7. h3 Bh5 8. c4
Qd6 9. d5 Bxf3 10. Bxf3 Nd4 11. O-O e5 12. Re1 Nf6 13. b4 O-O-O 14. bxc5 Qxc5
15. Nd2 Kb8 16. Rb1 Nd7 17. Nb3 Nxb3 18. Qxb3 Nb6 19. d6 Bxd6 20. Be3 Qa5 21.
Bxb6 axb6 22. Qxb6 Qxb6 23. Rxb6 Bc7 24. Rxb7+ Kc8 25. Reb1 f5 26. Bd5 Rd6 27.
Ra7 Kd7 28. a4 Rc8 29. a5 Kd8 30. a6 e4 31. Ra1 Rd7 32. Rb7 Be5 33. Rxd7+ Kxd7
34. Rd1 1-0

[Event "XXXIV C.to Italiano a squadre A1 Finali"]
[Site "Treviso ITA"]
[Date "2002.05.19"]
[Round "2"]
[White "Borgo, Giulio"]
[Black "Sciortino, Massimo"]
[Result "1-0"]
[WhiteElo "2418"]
[BlackElo "2204"]
[PlyCount "65"]
[EventDate "2002.05.18"]

1. e4 d6 2. d4 Nf6 3. Nc3 g6 4. Bg5 h6 5. Be3 Bg7 6. f3 c6 7. Qd2 b5 8. a4 b4
9. Nd1 a5 10. c3 bxc3 11. bxc3 Qc7 12. Bd3 Nbd7 13. Ne2 Kf8 14. O-O Kg8 15. Qa2
e5 16. f4 exd4 17. cxd4 Nf8 18. Rc1 Qe7 19. Nf2 h5 20. Qa3 Ng4 21. Nxg4 hxg4
22. Bf2 Qd7 23. d5 c5 24. Nc3 Bxc3 25. Qxc3 Qxa4 26. Rb1 Ba6 27. Bxa6 Rxa6 28.
Rb8 Rh5 29. Qf6 Qd7 30. Rfb1 Ra7 31. Rxf8+ Kxf8 32. Rb8+ Qe8 33. Qxd6+ 1-0

[Event "XXXIV C.to Italiano a squadre A1 Finali"]
[Site "Treviso ITA"]
[Date "2002.05.19"]
[Round "2"]
[White "Menoni, Vincenzo"]
[Black "Sedina, Elena"]
[Result "0-1"]
[WhiteElo "2228"]
[BlackElo "2407"]
[PlyCount "66"]
[EventDate "2002.05.18"]

1. e4 e6 2. d3 c5 3. Nf3 Nc6 4. g3 Nge7 5. Bg2 g6 6. h4 h6 7. Nbd2 Bg7 8. O-O
d5 9. Re1 b6 10. exd5 exd5 11. Nb3 O-O 12. Bf4 Bg4 13. Qc1 Kh7 14. Ne5 Nxe5 15.
Bxe5 f6 16. Qf4 h5 17. Bc7 Qd7 18. Qd6 Rae8 19. Qxd7 Bxd7 20. Bd6 Rf7 21. Bxe7
Rexe7 22. Rxe7 Rxe7 23. Bxd5 Re2 24. Rc1 Bh6 25. f4 Bg4 26. Na1 g5 27. fxg5
fxg5 28. hxg5 Bxg5 29. Rf1 Be3+ 30. Kh1 Bf2 31. a4 Bxg3 32. Rf7+ Kg6 33. Rxa7
Bh3 0-1

[Event "VI Festival A"]
[Site "Salsomaggiore Terme ITA"]
[Date "2002.05.17"]
[Round "1"]
[White "Ronchetti, Niccolo'"]
[Black "Parrella, Alfredo"]
[Result "1/2-1/2"]
[WhiteElo "2040"]
[BlackElo "2233"]
[PlyCount "80"]
[EventDate "2002.05.17"]

1. e4 c5 2. Nf3 Nc6 3. d4 cxd4 4. Nxd4 Nf6 5. Nc3 d6 6. Bc4 e5 7. Nde2 Be6 8.
Bxe6 fxe6 9. Bg5 Be7 10. Qd2 O-O 11. O-O Nh5 12. Be3 Nf6 13. Bg5 Ng4 14. Bxe7
Qxe7 15. f4 exf4 16. Nxf4 a6 17. Rad1 Rad8 18. a4 Rf6 19. h3 Nge5 20. b3 Rdf8
21. Nfe2 Qf7 22. Rxf6 Qxf6 23. Ng3 Qg6 24. Kh2 h5 25. Qe3 Nf7 26. Rd2 h4 27.
Nge2 Qf6 28. Qf4 Qe7 29. Qe3 Nce5 30. Nd4 Nh6 31. Kg1 Rc8 32. Nce2 Rf8 33. Nf4
Rf6 34. Nd3 Nhf7 35. Ne1 Rg6 36. Rf2 Rg3 37. Qf4 Ng6 38. Qd2 Nge5 39. Qf4 Ng6
40. Qd2 Nge5 1/2-1/2

[Event "VI Festival A"]
[Site "Salsomaggiore Terme ITA"]
[Date "2002.05.17"]
[Round "2"]
[White "Foglia, Maurizio"]
[Black "Ronchetti, Niccolo'"]
[Result "1/2-1/2"]
[WhiteElo "2089"]
[BlackElo "2040"]
[PlyCount "90"]
[EventDate "2002.05.17"]

1. e4 c5 2. c3 d5 3. exd5 Qxd5 4. d4 Nc6 5. dxc5 Qxc5 6. Be3 Qa5 7. Nd2 Bf5 8.
Nb3 Qc7 9. Bb5 e5 10. Qf3 Nge7 11. Rd1 a6 12. Bxc6+ Qxc6 13. Na5 e4 14. Qg3 Qb5
15. b4 Nc6 16. Nxc6 Qxc6 17. Ne2 Bg6 18. O-O Be7 19. Qe5 f6 20. Qa5 Bf7 21. Nd4
Qd5 22. Nb3 Qc6 23. Nd4 Qd5 24. Qxd5 Bxd5 25. Nf5 Bxa2 26. Nxg7+ Kf7 27. Nf5
Rhd8 28. Bb6 Rd5 29. Rxd5 Bxd5 30. Re1 Rc8 31. Bd4 Bf8 32. g4 Rc6 33. Kg2 Bd6
34. Nxd6+ Rxd6 35. Kg3 b6 36. Ra1 Bc4 37. Kf4 Re6 38. h4 h6 39. g5 hxg5+ 40.
hxg5 fxg5+ 41. Kxg5 Ke7 42. Rh1 Kd7 43. Rh7+ Kc6 44. Rg7 Bd3 45. Ra7 Kb5
1/2-1/2

[Event "VI Festival A"]
[Site "Salsomaggiore Terme ITA"]
[Date "2002.05.18"]
[Round "3"]
[White "Ronchetti, Niccolo'"]
[Black "Nelli, Luca"]
[Result "1-0"]
[WhiteElo "2040"]
[BlackElo "2173"]
[PlyCount "71"]
[EventDate "2002.05.17"]

1. e4 e5 2. Nf3 f5 3. Nxe5 Qf6 4. d4 d6 5. Nc4 fxe4 6. Nc3 Qg6 7. Bf4 Nf6 8.
Ne3 Be7 9. Bc4 c6 10. d5 Nh5 11. Bg3 Nxg3 12. hxg3 c5 13. Qh5 Qxh5 14. Rxh5 Bf6
15. Nxe4 Bxb2 16. Rb1 Bd4 17. Nxd6+ Kd7 18. Nxc8 Kxc8 19. Bd3 h6 20. Bf5+ Kc7
21. Nc4 Re8+ 22. Kf1 b6 23. Bg6 Rf8 24. d6+ Kb7 25. Be4+ Nc6 26. Na5+ Ka6 27.
Nxc6 Rxf2+ 28. Ke1 Raf8 29. Bd3+ Kb7 30. Nxd4 cxd4 31. Rb4 Kc8 32. Rxd4 Rxg2
33. d7+ Kd8 34. g4 Rf7 35. Bf5 Re7+ 36. Kd1 1-0

[Event "VI Festival A"]
[Site "Salsomaggiore Terme ITA"]
[Date "2002.05.18"]
[Round "4"]
[White "Giretti Kanev, Jasen"]
[Black "Ronchetti, Niccolo'"]
[Result "1/2-1/2"]
[WhiteElo "2177"]
[BlackElo "2040"]
[PlyCount "79"]
[EventDate "2002.05.17"]

1. c4 Nf6 2. Nf3 e6 3. d4 c5 4. Nc3 cxd4 5. Nxd4 a6 6. g3 Qc7 7. Qd3 b6 8. Bg2
Bb7 9. Bf4 d6 10. Bxb7 Qxb7 11. Qf3 Ra7 12. Bg5 Be7 13. O-O Qc8 14. Rfd1 O-O
15. Rac1 Rc7 16. b3 Nbd7 17. Na4 h6 18. Bf4 Rd8 19. h3 Bf8 20. Be3 Ne5 21. Qg2
Nfd7 22. Nf3 Nxf3+ 23. Qxf3 Qb8 24. Qh5 Rdc8 25. Nb2 Qb7 26. Bf4 Rc5 27. Qf3
Qxf3 28. exf3 d5 29. Na4 R5c6 30. cxd5 Rxc1 31. Bxc1 exd5 32. Be3 b5 33. Nb6
Nxb6 34. Bxb6 Rc6 35. Be3 Rd6 36. Kf1 g6 37. Bc5 Rd7 38. Bxf8 Kxf8 39. Ke2 Ke7
40. Kd3 1/2-1/2

[Event "VI Festival A"]
[Site "Salsomaggiore Terme ITA"]
[Date "2002.05.19"]
[Round "5"]
[White "Ronchetti, Niccolo'"]
[Black "Mrdja, Milan"]
[Result "0-1"]
[WhiteElo "2040"]
[BlackElo "2411"]
[PlyCount "114"]
[EventDate "2002.05.17"]

1. e4 c5 2. Nf3 d6 3. d4 cxd4 4. Nxd4 Nf6 5. Nc3 a6 6. Bc4 e6 7. Bb3 Nbd7 8. f4
Nc5 9. Qf3 b5 10. f5 e5 11. Nde2 b4 12. Nd5 Nfxe4 13. Nxb4 Nxb3 14. Qxe4 Nxa1
15. Qxa8 a5 16. Nc6 Qc7 17. O-O Nxc2 18. Nc3 Qb7 19. Qxb7 Bxb7 20. Nxa5 Ba8 21.
Nc4 Be7 22. Nb6 Bb7 23. Nbd5 Bd8 24. b4 Kd7 25. Kf2 Bxd5 26. Nxd5 Kc6 27. Rd1
Nd4 28. Ne3 Bb6 29. Ke1 Ra8 30. a3 Nb5 31. Nc4 Bc7 32. Bb2 d5 33. Ne3 d4 34.
Nc2 Nd6 35. g4 Nc4 36. Bc1 Bb6 37. Ke2 Kd5 38. Be3 Nb2 39. Rd2 Na4 40. Bf2 Nc3+
41. Ke1 Nb1 42. Rd3 Rc8 43. Rd1 Nc3 44. Rd3 Kc4 45. Rh3 h6 46. Na1 f6 47. Bg1
e4 48. Nc2 Kd5 49. Rg3 Na4 50. Kd1 d3 51. Ne3+ Ke5 52. Rg2 Nc3+ 53. Ke1 Bxe3
54. Bxe3 Nd5 55. Bc5 e3 56. a4 Ke4 57. Kd1 Nc3+ 0-1

[Event "VI Festival A"]
[Site "Salsomaggiore Terme ITA"]
[Date "2002.05.19"]
[Round "6"]
[White "Ronchetti, Niccolo'"]
[Black "Lindgren, Fredrik"]
[Result "1-0"]
[WhiteElo "2040"]
[BlackElo "2224"]
[PlyCount "115"]
[EventDate "2002.05.17"]

1. e4 c5 2. Nf3 Nc6 3. d4 cxd4 4. Nxd4 Nf6 5. Nc3 e6 6. Ndb5 Bc5 7. Bf4 e5 8.
Be3 d6 9. Bxc5 dxc5 10. Qxd8+ Kxd8 11. O-O-O+ Ke7 12. Nc7 Rb8 13. N7d5+ Kf8 14.
f3 Be6 15. Bc4 Nd4 16. a4 Bxd5 17. Bxd5 b6 18. Bc4 Ke7 19. Nd5+ Nxd5 20. Bxd5
Rbd8 21. Rd2 Rd6 22. Rhd1 Rhd8 23. Bc4 f6 24. c3 Nc6 25. Bd5 Na5 26. Kc2 c4 27.
Rf2 h6 28. Rg1 Rc8 29. f4 exf4 30. Rxf4 Rc5 31. g4 b5 32. h4 bxa4 33. g5 hxg5
34. hxg5 Rcxd5 35. exd5 Rxd5 36. gxf6+ gxf6 37. Rg7+ Ke6 38. Rxa7 f5 39. Rh7
Nb3 40. Rh2 Na1+ 41. Kb1 Rd1+ 42. Ka2 Nb3 43. Ka3 Ra1+ 44. Kb4 Nc1 45. Kxc4 Ra2
46. Rf1 Nb3 47. Kb4 Ke5 48. Re2+ Kf6 49. Ref2 Ke6 50. Rxf5 Rxb2 51. Kxa4 Nd2
52. R1f4 Nb1 53. Rc5 Rb8 54. Rb4 Ra8+ 55. Kb3 Nd2+ 56. Kc2 Nf3 57. Rb6+ Kd7 58.
Rf5 1-0

[Event "Trofeo Vedior"]
[Site "Milano ITA"]
[Date "2002.05.16"]
[Round "1"]
[White "Di Fonzo, Valerio"]
[Black "Bertazzo, Giorgio"]
[Result "1/2-1/2"]
[WhiteElo "2208"]
[BlackElo "2139"]
[PlyCount "38"]
[EventDate "2002.05.16"]

1. e4 d5 2. exd5 Qxd5 3. Nc3 Qa5 4. d4 Bf5 5. Nf3 c6 6. Bc4 Nf6 7. O-O e6 8.
Ne5 Be7 9. Bb3 O-O 10. Bf4 Nd5 11. Nxd5 cxd5 12. c3 Nc6 13. Re1 Qd8 14. Qf3
Nxe5 15. Bxe5 Be4 16. Qh3 Bf5 17. Qf3 Be4 18. Qh3 Bf5 19. Qf3 Be4 1/2-1/2

[Event "Trofeo Vedior"]
[Site "Milano ITA"]
[Date "2002.05.16"]
[Round "1"]
[White "Isonzo, David"]
[Black "Straub, Peter"]
[Result "1-0"]
[WhiteElo "2360"]
[BlackElo "2096"]
[PlyCount "81"]
[EventDate "2002.05.16"]

1. e4 c5 2. Nf3 e6 3. d4 cxd4 4. Nxd4 Qb6 5. c3 a6 6. Nd2 Qc7 7. a4 b6 8. Bd3
Nf6 9. O-O Be7 10. Qe2 d6 11. f4 Nbd7 12. N2f3 Nc5 13. Bc2 e5 14. fxe5 dxe5 15.
Nf5 O-O 16. N3h4 Ne6 17. Nxe7+ Qxe7 18. Nf5 Qc7 19. Qf3 Ne8 20. Be3 Nd6 21.
Rad1 Nc4 22. Bc1 Bb7 23. b3 Na5 24. Ba3 Nc5 25. Nxg7 Qc6 26. Nf5 Kh8 27. Qg3
Qg6 28. Qxe5+ f6 29. Qg3 Bxe4 30. Bxe4 Nxe4 31. Qxg6 hxg6 32. Bxf8 Nxc3 33.
Bg7+ Kg8 34. Rd7 gxf5 35. Bxf6 Ne2+ 36. Kf2 Nf4 37. b4 Nc6 38. Kf3 Nh5 39. Bc3
Re8 40. b5 axb5 41. axb5 1-0

[Event "Trofeo Vedior"]
[Site "Milano ITA"]
[Date "2002.05.16"]
[Round "1"]
[White "Lanzani, Mario"]
[Black "Astengo, Corrado"]
[Result "0-1"]
[WhiteElo "2362"]
[BlackElo "2180"]
[PlyCount "68"]
[EventDate "2002.05.16"]

1. e4 e6 2. Qe2 c5 3. b3 Nc6 4. Bb2 d6 5. f4 Nf6 6. Nf3 Be7 7. g3 a6 8. Bg2 Qc7
9. e5 dxe5 10. fxe5 Nd7 11. O-O O-O 12. d3 b5 13. Nbd2 Bb7 14. a3 Rad8 15. Kh1
h6 16. Rae1 Nb6 17. Ne4 Kh8 18. Qe3 c4 19. dxc4 bxc4 20. Nf6 Nd5 21. Qc1 c3 22.
Ba1 Nxf6 23. exf6 Bxf6 24. Re3 Ne7 25. Qe1 Nf5 26. Rxc3 Bxc3 27. Bxc3 Rc8 28.
Be5 Qxc2 29. g4 Ne7 30. Qe3 Kg8 31. Qb6 Qc6 32. Qa7 Ra8 33. Qe3 Ng6 34. Nh4 Qb5
0-1

[Event "Trofeo Vedior"]
[Site "Milano ITA"]
[Date "2002.05.16"]
[Round "1"]
[White "Qendro, Llambi"]
[Black "Contin, Daniel"]
[Result "1/2-1/2"]
[WhiteElo "2331"]
[BlackElo "2338"]
[PlyCount "51"]
[EventDate "2002.05.16"]

1. d4 Nf6 2. c4 g6 3. Nc3 Bg7 4. e4 d6 5. f3 O-O 6. Bg5 c5 7. d5 a6 8. a4 Qa5
9. Ra3 e6 10. Qd2 exd5 11. cxd5 Re8 12. Nge2 Nbd7 13. Ng3 h5 14. Be2 Nh7 15.
Bf4 Ne5 16. O-O Qb4 17. Rd1 Qd4+ 18. Kh1 Qxd2 19. Rxd2 h4 20. Nf1 g5 21. Be3 f5
22. h3 Bd7 23. a5 Bf6 24. Rc2 Rac8 25. Nd2 f4 26. Bf2 1/2-1/2

[Event "Trofeo Vedior"]
[Site "Milano ITA"]
[Date "2002.05.16"]
[Round "1"]
[White "Van Hoolandt, Patrick"]
[Black "Geenen, Marc"]
[Result "0-1"]
[WhiteElo "2157"]
[BlackElo "2332"]
[PlyCount "62"]
[EventDate "2002.05.16"]

1. c4 Nf6 2. g3 c6 3. Nf3 d5 4. b3 Qb6 5. cxd5 cxd5 6. Bg2 Nc6 7. Bb2 e5 8. O-O
e4 9. Ne1 h5 10. Bxf6 gxf6 11. Nc3 Be6 12. Na4 Qc7 13. d3 f5 14. e3 h4 15. Qe2
Bd6 16. Rd1 O-O-O 17. Nc3 hxg3 18. fxg3 Be5 19. d4 Bf6 20. Nc2 Rh6 21. Rf2 Rdh8
22. Nb5 Qb8 23. Bf1 a6 24. Nc3 Qxg3+ 25. Rg2 Qc7 26. Rd2 f4 27. exf4 Qxf4 28.
Nxe4 dxe4 29. d5 Ne5 30. dxe6 Nf3+ 31. Kh1 Nxh2 0-1

[Event "Trofeo Vedior"]
[Site "Milano ITA"]
[Date "2002.05.17"]
[Round "2"]
[White "Isonzo, David"]
[Black "Van Hoolandt, Patrick"]
[Result "1-0"]
[WhiteElo "2360"]
[BlackElo "2157"]
[PlyCount "89"]
[EventDate "2002.05.16"]

1. e4 e5 2. Nf3 Nc6 3. Bb5 Nf6 4. O-O Bc5 5. c3 O-O 6. d4 Bb6 7. Bg5 h6 8. Bh4
d6 9. Qd3 Qe7 10. Nbd2 Nb8 11. Rfe1 c6 12. Ba4 Nbd7 13. Nc4 Bc7 14. Ne3 Re8 15.
Nf5 Qf8 16. Rad1 g6 17. dxe5 dxe5 18. Nd6 Re6 19. Nxc8 Rxc8 20. b4 g5 21. Bg3
Rd8 22. Qe3 Bb6 23. Qe2 Nh5 24. Bb3 Nxg3 25. hxg3 Rf6 26. Rf1 Qe7 27. Nh2 Kg7
28. Ng4 Rd6 29. Rxd6 Qxd6 30. Rd1 Qe7 31. Qf3 h5 32. Ne3 Bxe3 33. Qxe3 Nb6 34.
Rxd8 Qxd8 35. Qf3 Qe7 36. Qxh5 Nc8 37. f4 exf4 38. gxf4 f6 39. f5 Qf8 40. e5
Ne7 41. Be6 b6 42. Kh2 fxe5 43. Qxg5+ Kh7 44. f6 Ng6 45. Qh5+ 1-0

[Event "Trofeo Vedior"]
[Site "Milano ITA"]
[Date "2002.05.17"]
[Round "2"]
[White "Lanzani, Mario"]
[Black "Straub, Peter"]
[Result "1-0"]
[WhiteElo "2362"]
[BlackElo "2096"]
[PlyCount "50"]
[EventDate "2002.05.16"]

1. e4 c5 2. Nf3 e6 3. d4 cxd4 4. Nxd4 Qb6 5. Nb3 a6 6. Bd3 Qc7 7. f4 b5 8. a4
Bb7 9. Qe2 b4 10. O-O Nf6 11. N1d2 d5 12. e5 Nfd7 13. Nf3 Nc6 14. f5 Ncxe5 15.
fxe6 fxe6 16. Ng5 O-O-O 17. Bf4 Qb6+ 18. Kh1 h6 19. a5 Qa7 20. Nxe6 Re8 21.
Bxe5 Rxe6 22. Bf5 Re7 23. Rae1 Bc6 24. Nd4 Qb7 25. Qg4 Kd8 1-0

[Event "Trofeo Vedior"]
[Site "Milano ITA"]
[Date "2002.05.17"]
[Round "2"]
[White "Qendro, Llambi"]
[Black "Drazic, Sinisa"]
[Result "1-0"]
[WhiteElo "2331"]
[BlackElo "2474"]
[PlyCount "99"]
[EventDate "2002.05.16"]

1. d4 Nf6 2. c4 c6 3. Nc3 d5 4. cxd5 cxd5 5. Nf3 Nc6 6. Bf4 a6 7. e3 Bg4 8. Be2
Bxf3 9. Bxf3 e6 10. O-O Bd6 11. Bxd6 Qxd6 12. Na4 O-O 13. Rc1 Rac8 14. Nc5 Rc7
15. Qa4 Rfc8 16. Rc3 Nd7 17. Nxd7 Qxd7 18. Rfc1 g6 19. h3 Qd6 20. Qc2 Kg7 21.
a3 h5 22. Rc5 h4 23. Be2 Ra8 24. b4 Rcc8 25. Bxa6 Rxa6 26. b5 Rxa3 27. bxc6 b6
28. Rc3 Rxc3 29. Qxc3 Rc7 30. f3 g5 31. e4 f6 32. e5 fxe5 33. dxe5 Qd8 34. Qb2
Rf7 35. Rb1 Qc7 36. Qxb6 Qxe5 37. Qc5 Qf5 38. Rc1 Rc7 39. Re1 Kf7 40. Qd6 Re7
41. Rc1 Qd3 42. Kh2 Qd2 43. Rb1 e5 44. Qc5 Qf4+ 45. Kh1 Qd4 46. Qc1 Rc7 47.
Qxg5 Qd3 48. Rb8 Ke6 49. Qh6+ Ke7 50. Qf8+ 1-0

[Event "Trofeo Vedior"]
[Site "Milano ITA"]
[Date "2002.05.17"]
[Round "2"]
[White "Valenti, Giuseppe"]
[Black "Bertazzo, Giorgio"]
[Result "0-1"]
[WhiteElo "2268"]
[BlackElo "2139"]
[PlyCount "94"]
[EventDate "2002.05.16"]

1. e4 c5 2. Nf3 d6 3. d4 cxd4 4. Nxd4 Nf6 5. Nc3 a6 6. Bg5 e6 7. f4 Qb6 8. Nb3
Nbd7 9. Qf3 Be7 10. O-O-O Qc7 11. g4 b5 12. Bg2 Bb7 13. a3 Rc8 14. Rhe1 O-O 15.
Kb1 Nb6 16. Qe2 Rfd8 17. Rd3 h6 18. Bh4 Nxe4 19. Nxb5 axb5 20. Bxe7 Qxe7 21.
Bxe4 Bxe4 22. Qxe4 Rc4 23. Qe3 Rb8 24. Nd2 Rcc8 25. f5 e5 26. Ne4 Nc4 27. f6
Nxe3 28. fxe7 Nc4 29. Nxd6 Nxd6 30. Rxd6 f6 31. Red1 Kf7 32. Rd8 Kxe7 33. R1d7+
Ke6 34. Rxc8 Rxc8 35. Rxg7 e4 36. Rb7 Rc5 37. Kc1 Rd5 38. c4 bxc4 39. Rb4 Ke5
40. Rxc4 e3 41. Rc8 Kf4 42. Re8 Kf3 43. Re6 e2 44. Rxf6+ Kxg4 45. Re6 Rd1+ 46.
Kc2 e1=Q 47. Rxe1 Rxe1 0-1

[Event "Trofeo Vedior"]
[Site "Milano ITA"]
[Date "2002.05.18"]
[Round "3"]
[White "Bertazzo, Giorgio"]
[Black "Lanzani, Mario"]
[Result "0-1"]
[WhiteElo "2139"]
[BlackElo "2362"]
[PlyCount "32"]
[EventDate "2002.05.16"]

1. e4 c5 2. Nf3 g6 3. d3 Bg7 4. g3 Nc6 5. Bg2 d6 6. O-O e5 7. c3 Nge7 8. Be3
O-O 9. Qd2 f5 10. Na3 Rb8 11. Rad1 f4 12. gxf4 Bg4 13. h4 exf4 14. Bxf4 Ne5 15.
Qe3 Nxf3+ 16. Bxf3 Bxf3 0-1

[Event "Trofeo Vedior"]
[Site "Milano ITA"]
[Date "2002.05.18"]
[Round "3"]
[White "Drazic, Sinisa"]
[Black "Contin, Daniel"]
[Result "1/2-1/2"]
[WhiteElo "2474"]
[BlackElo "2338"]
[PlyCount "128"]
[EventDate "2002.05.16"]

1. d4 Nf6 2. Nf3 e6 3. Bf4 c5 4. e3 Nc6 5. Nbd2 d5 6. c3 Bd6 7. dxc5 Bxc5 8.
Bd3 O-O 9. O-O a5 10. Qe2 a4 11. e4 Be7 12. Rfd1 Qb6 13. Rab1 dxe4 14. Nxe4 Nd5
15. Bd6 f5 16. Bxe7 Ncxe7 17. Ng3 a3 18. c4 Nf4 19. Qc2 axb2 20. Rxb2 Qc6 21.
Bf1 Neg6 22. Nd4 Qa4 23. Nb5 Qxc2 24. Rxc2 b6 25. Rd6 Rb8 26. Rb2 Nh4 27. Ne2
Nxe2+ 28. Bxe2 f4 29. Nd4 e5 30. Nc6 Rb7 31. Nxe5 Re8 32. g3 Rxe5 33. gxh4 Rbe7
34. Rdd2 Bh3 35. f3 R7e6 36. Kf2 Rg6 37. Bf1 Bxf1 38. Kxf1 Rh5 39. Rd8+ Kf7 40.
Rd7+ Kg8 41. Rg2 Rxg2 42. Kxg2 Ra5 43. Rd2 Ra4 44. Rc2 h5 45. Kf2 Kf7 46. Ke2
Ra3 47. Rb2 Re3+ 48. Kf2 Rc3 49. Rxb6 Rxc4 50. Ra6 Rc2+ 51. Kf1 Rxh2 52. Ra4
Ke6 53. Re4+ Kf5 54. a4 g5 55. hxg5 Kxg5 56. Re2 Rh1+ 57. Kg2 Ra1 58. Re4 Ra2+
59. Kf1 Kh4 60. Rxf4+ Kg3 61. Rf5 h4 62. Rg5+ Kxf3 63. Kg1 Rxa4 64. Kh2 Rg4
1/2-1/2

[Event "Trofeo Vedior"]
[Site "Milano ITA"]
[Date "2002.05.18"]
[Round "3"]
[White "Straub, Peter"]
[Black "Di Fonzo, Valerio"]
[Result "0-1"]
[WhiteElo "2096"]
[BlackElo "2208"]
[PlyCount "102"]
[EventDate "2002.05.16"]

1. e4 e5 2. Nf3 Nc6 3. Bb5 Nf6 4. O-O d6 5. d4 exd4 6. Nxd4 Bd7 7. Nc3 Be7 8.
h3 O-O 9. Be3 Re8 10. f4 Bf8 11. Bd3 g6 12. Qf3 Bg7 13. Nxc6 Bxc6 14. f5 Nd7
15. fxg6 fxg6 16. Qg3 Ne5 17. Bg5 Qd7 18. Nd5 Bxd5 19. exd5 Rf8 20. Be2 Rf5 21.
Bf4 Raf8 22. Bxe5 Bxe5 23. Qb3 Bd4+ 24. Kh1 Rxf1+ 25. Rxf1 Rxf1+ 26. Bxf1 Qf5
27. Qf3 Qxc2 28. Qe2 Qxe2 29. Bxe2 Bxb2 30. Kg1 Kf7 31. Kf2 Kf6 32. Ke3 Ke5 33.
Kd3 Kxd5 34. Bf3+ Kc5 35. Bxb7 c6 36. Bc8 d5 37. Be6 Kd6 38. Bg8 h6 39. h4 g5
40. hxg5 hxg5 41. Bf7 c5 42. Bh5 c4+ 43. Ke3 Kc5 44. Bf7 Bc1+ 45. Ke2 d4 46.
Kf3 Kb4 47. Ke2 d3+ 48. Kd1 Be3 49. Bg6 Kc3 50. g4 Kd4 51. a4 c3 0-1

[Event "Trofeo Vedior"]
[Site "Milano ITA"]
[Date "2002.05.18"]
[Round "3"]
[White "Van Hoolandt, Patrick"]
[Black "Qendro, Llambi"]
[Result "1/2-1/2"]
[WhiteElo "2157"]
[BlackElo "2331"]
[PlyCount "89"]
[EventDate "2002.05.16"]

1. c4 g6 2. g3 Bg7 3. Bg2 e5 4. Nc3 Nc6 5. d3 d6 6. e4 Nge7 7. Nge2 O-O 8. O-O
Bg4 9. f3 Be6 10. Nd5 Qd7 11. Bg5 f6 12. Be3 f5 13. Qd2 Rf7 14. Rae1 Raf8 15.
b3 a6 16. a3 Nd8 17. Nxe7+ Rxe7 18. d4 fxe4 19. d5 Bh3 20. fxe4 Ref7 21. Rxf7
Nxf7 22. Nc3 Bxg2 23. Kxg2 h5 24. h3 Kh7 25. Rf1 Qe7 26. Nd1 Bh6 27. Bxh6 Nxh6
28. Rxf8 Qxf8 29. Qf2 Qe7 30. Qe3 h4 31. Nf2 hxg3 32. Qxg3 Qf6 33. Ng4 Nxg4 34.
Qxg4 Kh6 35. b4 Qg5 36. Kf3 Qf6+ 37. Kg3 b5 38. cxb5 axb5 39. Qh4+ Qxh4+ 40.
Kxh4 g5+ 41. Kg4 Kg6 42. Kf3 Kh5 43. Kg3 Kh6 44. Kg4 Kg6 45. Kf3 1/2-1/2

[Event "Trofeo Vedior"]
[Site "Milano ITA"]
[Date "2002.05.19"]
[Round "4"]
[White "Bertazzo, Giorgio"]
[Black "Contin, Daniel"]
[Result "0-1"]
[WhiteElo "2139"]
[BlackElo "2338"]
[PlyCount "62"]
[EventDate "2002.05.16"]

1. e4 d5 2. exd5 Qxd5 3. Nc3 Qa5 4. d4 Nf6 5. Bd2 c6 6. Bc4 Bf5 7. Nd5 Qd8 8.
Nxf6+ gxf6 9. Ne2 e6 10. Be3 Qb6 11. Bb3 Qa6 12. Ng3 Bg6 13. Qe2 Qxe2+ 14. Nxe2
a5 15. a4 Nd7 16. O-O Bd6 17. Rad1 O-O-O 18. Rd2 Rhg8 19. f4 h5 20. c4 Bb4 21.
Nc3 h4 22. d5 Nc5 23. Bc2 cxd5 24. f5 Bh5 25. fxe6 dxc4 26. Rxd8+ Rxd8 27. exf7
Nd3 28. Rxf6 Rf8 29. Nd5 Rxf7 30. Rxf7 Bxf7 31. Nb6+ Kc7 0-1

[Event "Trofeo Vedior"]
[Site "Milano ITA"]
[Date "2002.05.19"]
[Round "4"]
[White "Isonzo, David"]
[Black "Qendro, Llambi"]
[Result "0-1"]
[WhiteElo "2360"]
[BlackElo "2331"]
[PlyCount "72"]
[EventDate "2002.05.16"]

1. e4 d6 2. d4 Nf6 3. Nc3 g6 4. Be3 Bg7 5. Qd2 c6 6. Nf3 O-O 7. Bh6 Qa5 8. Bxg7
Kxg7 9. O-O-O e5 10. Kb1 b5 11. dxe5 dxe5 12. Bd3 b4 13. Ne2 Be6 14. Nc1 Nbd7
15. Ng5 Nc5 16. a3 Rab8 17. axb4 Rxb4 18. Nxe6+ fxe6 19. Na2 Rfb8 20. Nxb4 Rxb4
21. f3 Na4 22. b3 Qc5 23. Be2 Rd4 24. bxa4 Rxd2 25. Rxd2 Qb4+ 26. Kc1 Qxa4 27.
Rdd1 c5 28. Rhe1 Nd7 29. Kd2 Qd4+ 30. Kc1 Qe3+ 31. Kb1 Nb6 32. Bd3 Qd4 33. Bf1
Qb4+ 34. Kc1 c4 35. Re3 c3 36. Rdd3 Qb2+ 0-1

[Event "Trofeo Vedior"]
[Site "Milano ITA"]
[Date "2002.05.19"]
[Round "4"]
[White "Straub, Peter"]
[Black "Valenti, Giuseppe"]
[Result "0-1"]
[WhiteElo "2096"]
[BlackElo "2268"]
[PlyCount "60"]
[EventDate "2002.05.16"]

1. e4 c6 2. d4 d5 3. e5 Bf5 4. Nc3 e6 5. g4 Bg6 6. h4 h6 7. Nge2 c5 8. Nf4 Bh7
9. Be3 Nc6 10. Bb5 cxd4 11. Qxd4 Nge7 12. Nh5 a6 13. Bxc6+ Nxc6 14. Qf4 Qc7 15.
O-O-O O-O-O 16. Rhe1 Bg6 17. Bd4 b5 18. Rd2 Be7 19. Qg3 Nxd4 20. Rxd4 b4 21.
Re3 Bc5 22. Qf4 a5 23. Nb5 Qc6 24. a4 Bxd4 25. Nxd4 Qxa4 26. Qf3 Qa1+ 27. Kd2
Qxb2 28. Nb5 Qxc2+ 29. Ke1 Qc1+ 30. Ke2 Qc4+ 0-1

[Event "Trofeo Vedior"]
[Site "Milano ITA"]
[Date "2002.05.19"]
[Round "4"]
[White "Van Hoolandt, Patrick"]
[Black "Di Fonzo, Valerio"]
[Result "0-1"]
[WhiteElo "2157"]
[BlackElo "2208"]
[PlyCount "90"]
[EventDate "2002.05.16"]

1. Nf3 Nc6 2. c4 e5 3. d3 f5 4. g3 d6 5. Nc3 Nf6 6. Bg2 g6 7. O-O Bg7 8. Rb1 a5
9. e3 O-O 10. b3 h6 11. Ne1 Nh7 12. Nd5 Ne7 13. f4 c6 14. Nxe7+ Qxe7 15. Qd2
Re8 16. Nc2 Nf6 17. Ba3 Qc7 18. c5 dxc5 19. Bxc5 e4 20. d4 Nd5 21. Rfc1 b6 22.
Ba3 Ba6 23. Bf1 Bxf1 24. Kxf1 Re6 25. b4 b5 26. bxa5 Qxa5 27. Qxa5 Rxa5 28. Rb3
g5 29. Kf2 gxf4 30. gxf4 Rg6 31. Rg1 Rxg1 32. Kxg1 Ra4 33. Kf2 Bf8 34. Bxf8
Rxa2 35. Bxh6 Rxc2+ 36. Kg3 b4 37. Kh4 Rxh2+ 38. Kg5 Kf7 39. Kxf5 Rxh6 40. Kxe4
Rh8 41. Rd3 Kf6 42. Rb3 Ke6 43. f5+ Kf6 44. Rd3 Rh4+ 45. Kf3 Kxf5 0-1

[Event "Trofeo Vedior"]
[Site "Milano ITA"]
[Date "2002.05.20"]
[Round "5"]
[White "Bertazzo, Giorgio"]
[Black "Isonzo, David"]
[Result "1-0"]
[WhiteElo "2139"]
[BlackElo "2360"]
[PlyCount "77"]
[EventDate "2002.05.16"]

1. e4 c5 2. Nf3 e6 3. d4 cxd4 4. Nxd4 a6 5. Bd3 Qb6 6. Nb3 Qc7 7. O-O Nf6 8. f4
d6 9. Qf3 Nbd7 10. Be3 Be7 11. a4 b6 12. c4 Rb8 13. N1d2 O-O 14. Qh3 g6 15.
Rae1 Bb7 16. g4 d5 17. cxd5 exd5 18. e5 Ne4 19. Rc1 Ndc5 20. Nxe4 dxe4 21. Bc4
Qd7 22. f5 gxf5 23. Rxf5 Qc6 24. Rcf1 Ne6 25. Rh5 Ng5 26. Bxg5 e3 27. Bxe3 Qxc4
28. Rxh7 f5 29. Rh8+ Kf7 30. Rxf5+ Ke6 31. Nd4+ Kd7 32. Rhxf8 Rxf8 33. Rxf8
Bxf8 34. Qh7+ Be7 35. e6+ Kd8 36. Qg8+ Kc7 37. Bf4+ Bd6 38. Qf7+ Kb8 39. Qf8+
1-0